Представление документа в формате RUSMARC

ПолеНазваниеЗначение
  Тип записи a
  Библиографический уровень m
001 Контрольный номер 3965e2969cc44de1ab7f392f67fdfa50
005 Дата корректировки 20191015133740.7
010 Индекс ISBN __
a ISBN 978-5-91730-855-5
101 Язык документа 0_
a Язык текста rus
102 Страна публикации __
a Страна публикации RU
200 Заглавие и сведения об ответственности 1_
a Заглавие Качество и безопасность товаров: от производства до потребления. Материалы Международной науч.-практ. конф., посвященной 60-летию возрождения кафедры товароведения и экспертизы товаров (8 февраля 2019 г.)
b Общее обозначение материала Текст
f Первые сведения об ответственности АНО ОВО ЦС РФ РУК
g Последующие сведения об ответственности под общ. ред. В.И. Криштафович
210 Выходные данные 1_
c Издательство Канцлер
a Место издания РУК
d Дата издания 2019
215 Физическое описание __
a Объем 504 с.
610 Ключевые слова 0_
a Ключевые слова сборник материалов
610 Ключевые слова 0_
a Ключевые слова наука
610 Ключевые слова 0_
a Ключевые слова конференция
610 Ключевые слова 0_
a Ключевые слова качество
a Ключевые слова товароведение
610 Ключевые слова 0_
a Ключевые слова кафедра
a Ключевые слова безопасность товаров
a Ключевые слова научные исследования
610 Ключевые слова 0_
a Ключевые слова Российский университет кооперации
686 Индексы других классификаций __
a Классификационный индекс 30.609
2 Код системы rubbk
711 Наименование организации. (Альтернативная ответственность) 02
a Организация/ юрисдикция АНО ОВО ЦС РФ РУК
801 Источник записи _0
a Страна RU
b Организация РУК
c Дата составления 20191015
g Правила каталогизации PSBO
801 Источник записи _1
a Страна RU
b Организация РУК
g Правила каталогизации PSBO
852 Данные о местонахождении __
j Шифр хранения 30.609
i Авторский знак К 30
901 Тип документа __
t Тип документа m
912 Принадлежность преподавателя к РУК __
a Принадлежность преподавателя к РУК Преподаватель Головного вуза
937 Технологическая информация __
a Создатель записи (имя) Мясникова Г.Ю.
938 Служебная информация __
a Название организации Головной вуз
952 Тип литературы __
c Вид литературы сб. науч. тр.